|
|
|
|
| LEADER |
00000nam0a2200000 4500 |
| 001 |
374087 |
| 005 |
20231102012625.0 |
| 010 |
|
|
|a 5750701387
|
| 020 |
|
|
|a RU
|b 89-83210
|
| 035 |
|
|
|a (RuTPU)RU\TPU\retro\31521
|
| 035 |
|
|
|a RU\TPU\book\249706
|
| 090 |
|
|
|a 374087
|
| 100 |
|
|
|a 20221216d1989 k y0rusy5003 ca
|
| 101 |
0 |
|
|a rus
|
| 102 |
|
|
|a RU
|
| 105 |
|
|
|a y z 001zy
|
| 200 |
1 |
|
|a Наука и научное творчество
|e сборник статей
|f Ростовский государственный университет ; под ред. М. М. Карпова
|
| 210 |
|
|
|a Ростов н/Д
|c Изд-во Рост. ун-та
|d 1989
|
| 215 |
|
|
|a 102 с.
|d 20 см
|
| 320 |
|
|
|a Библиогр. в конце ст.
|
| 606 |
1 |
|
|a Наука
|2 stltpush
|3 (RuTPU)RU\TPU\subj\45070
|9 64332
|
| 610 |
1 |
|
|a наука
|
| 610 |
1 |
|
|a научное творчество
|
| 610 |
1 |
|
|a 17 век
|
| 610 |
1 |
|
|a Англия
|
| 610 |
1 |
|
|a генезис
|
| 610 |
1 |
|
|a ученые
|
| 610 |
1 |
|
|a личность
|
| 610 |
1 |
|
|a социальная ответственность
|
| 610 |
1 |
|
|a общественные науки
|
| 675 |
|
|
|a 001(082)
|z rus
|
| 686 |
|
|
|a Ч21
|2 rubbk
|
| 702 |
|
1 |
|a Карпов
|b М. М.
|g Михаил Михайлович
|4 340
|
| 712 |
0 |
2 |
|a Ростовский государственный университет
|2 stltpush
|3 (RuTPU)RU\TPU\col\3289
|
| 801 |
|
0 |
|a RU
|b RuMRKP
|c 19950417
|g psbo
|
| 801 |
|
1 |
|a RU
|b 63413507
|c 20121226
|
| 801 |
|
2 |
|a RU
|b 63413507
|c 20221216
|g RCR
|
| 942 |
|
|
|c BK
|